[Event "Novosibirsk op"]
[Site "Novosibirsk"]
[Date "2001.07.28"]
[Round "10"]
[White "Erikalov, Alexei"]
[Black "Arestanov, Timur"]
[Result "1-0"]
[WhiteElo "2451"]
[BlackElo "2257"]
[PlyCount "71"]
[EventDate "2001.07.18"]
[EventType "swiss"]
[EventRounds "11"]
[EventCountry "RUS"]
[SourceTitle "CBM 083 Extra"]
[Source "ChessBase"]
[SourceDate "2001.09.11"]
[SourceVersion "1"]
[SourceVersionDate "2001.09.11"]
[SourceQuality "1"]

1. d4 d5 2. c4 c6 3. Nc3 Nf6 4. Nf3 e6 5. e3 Nbd7 6. Qc2 Bd6 7. Bd3 0-0 8. 0-0 dxc4 9. Bxc4 e5 10. h3 exd4 11. exd4 Nb6 12. Bb3 Bc7 13. Bg5 Qd6 14. Rfe1 Nfd5 15. Rac1 h6 16. Bh4 Kh8 17. Ne5 a5 18. a3 Nxc3 19. Bxf7 g5 20. Bg3 Qf6 21. Ng6+ Kg7 22. Bxc7 Bf5 23. Qxc3 Qxf7 24. Nxf8 Nd5 25. Be5+ Kg8 26. Qg3 Rxf8 27. f4 Kh7 28. fxg5 Rg8 29. h4 hxg5 30. hxg5 Qh5 31. Kf2 Qxg5 32. Qxg5 Rxg5 33. Rc5 Bg6 34. Rxa5 Rg4 35. Ra7 Be4 36. Rxb7+ 1-0

[Event "Novosibirsk op"]
[Site "Novosibirsk"]
[Date "2001.07.22"]
[Round "4"]
[White "Erikalov, Alexei"]
[Black "Degterev, Alexander"]
[Result "1-0"]
[WhiteElo "2451"]
[BlackElo "2328"]
[PlyCount "96"]
[EventDate "2001.07.18"]
[EventType "swiss"]
[EventRounds "11"]
[EventCountry "RUS"]
[SourceTitle "CBM 083 Extra"]
[Source "ChessBase"]
[SourceDate "2001.09.11"]
[SourceVersion "1"]
[SourceVersionDate "2001.09.11"]
[SourceQuality "1"]

1. d4 e6 2. c4 f5 3. Nf3 Nf6 4. Nc3 Bb4 5. Qb3 Qe7 6. a3 Bxc3+ 7. Qxc3 b6 8. g3 Bb7 9. Bg2 d6 10. 0-0 Nbd7 11. b4 0-0 12. Bb2 Ne4 13. Qc2 Ndf6 14. Ne1 Nd7 15. Nd3 c5 16. dxc5 dxc5 17. b5 e5 18. Rad1 a6 19. a4 Qe6 20. f4 axb5 21. axb5 exf4 22. Nxf4 Qe7 23. Nd5 Bxd5 24. Rxd5 Nef6 25. Rdxf5 Rae8 26. e4 Ng4 27. Qd3 Rxf5 28. Rxf5 Nge5 29. Qd5+ Kh8 30. Bf1 h6 31. Kg2 Kh7 32. Be2 g6 33. Rf1 Qe6 34. h3 h5 35. Ra1 Nf6 36. Ra7+ Kg8 37. Qb7 Nfd7 38. Bf1 Re7 39. Ra8+ Re8 40. Ra7 Re7 41. Bxe5 Qxe5 42. Qd5+ Qxd5 43. cxd5 Rf7 44. Rb7 Kf8 45. e5 Nxe5 46. Rxb6 Rd7 47. Kf2 Rxd5 48. Ke3 Rd4 1-0

[Event "Novosibirsk op"]
[Site "Novosibirsk"]
[Date "2001.07.21"]
[Round "3"]
[White "Permiakov, Vladimir"]
[Black "Erikalov, Alexei"]
[Result "1/2-1/2"]
[WhiteElo "2345"]
[BlackElo "2451"]
[PlyCount "20"]
[EventDate "2001.07.18"]
[EventType "swiss"]
[EventRounds "11"]
[EventCountry "RUS"]
[SourceTitle "CBM 083 Extra"]
[Source "ChessBase"]
[SourceDate "2001.09.11"]
[SourceVersion "1"]
[SourceVersionDate "2001.09.11"]
[SourceQuality "1"]

1. c4 c6 2. d4 d5 3. cxd5 cxd5 4. Nc3 Nf6 5. Nf3 Nc6 6. Bf4 Bf5 7. e3 e6 8. Bd3 Bxd3 9. Qxd3 Bd6 10. Bxd6 Qxd6 1/2-1/2

[Event "RUS-Cup06"]
[Site "Tomsk"]
[Date "2001.07.06"]
[Round "7"]
[White "Erikalov, Alexei"]
[Black "Zablotsky, Sergei"]
[Result "0-1"]
[WhiteElo "2475"]
[BlackElo "2283"]
[PlyCount "54"]
[EventDate "2001.06.30"]
[EventType "swiss"]
[EventRounds "9"]
[EventCountry "RUS"]
[SourceTitle "CBM 083 Extra"]
[Source "ChessBase"]
[SourceDate "2001.09.11"]
[SourceVersion "1"]
[SourceVersionDate "2001.09.11"]
[SourceQuality "1"]

1. d4 Nf6 2. c4 d6 3. Nf3 Nbd7 4. Nc3 e5 5. g3 Be7 6. Bg2 0-0 7. 0-0 c6 8. Qc2 Qc7 9. h3 a6 10. Rd1 Re8 11. Rb1 Bf8 12. e4 b5 13. Qe2 exd4 14. Nxd4 b4 15. Na4 c5 16. Nf5 Nxe4 17. Bf4 Ndf6 18. Ne3 Bd7 19. Qc2 g5 20. Nd5 Bxa4 21. b3 Nxd5 22. Bxe4 Nxf4 23. Bxa8 Ne2+ 24. Kh2 Nc3 25. Bd5 Bc6 26. Qf5 Re5 27. Qf3 Bxd5 0-1

[Event "RUS-Cup06"]
[Site "Tomsk"]
[Date "2001.07.03"]
[Round "4"]
[White "Erikalov, Alexei"]
[Black "Shomoev, Anton"]
[Result "0-1"]
[WhiteElo "2475"]
[BlackElo "2373"]
[PlyCount "62"]
[EventDate "2001.06.30"]
[EventType "swiss"]
[EventRounds "9"]
[EventCountry "RUS"]
[SourceTitle "CBM 083 Extra"]
[Source "ChessBase"]
[SourceDate "2001.09.11"]
[SourceVersion "1"]
[SourceVersionDate "2001.09.11"]
[SourceQuality "1"]

1. d4 Nf6 2. c4 g6 3. Nc3 d5 4. cxd5 Nxd5 5. e4 Nxc3 6. bxc3 Bg7 7. Bb5+ c6 8. Ba4 0-0 9. Ne2 c5 10. 0-0 Nc6 11. Be3 Na5 12. Rb1 b6 13. dxc5 Ba6 14. Bb5 Bxb5 15. Rxb5 Nc4 16. Bg5 h6 17. Qxd8 Rfxd8 18. Rb4 Nd2 19. Bxd2 Rxd2 20. Nf4 bxc5 21. Rc4 Rxa2 22. Rxc5 a5 23. g3 a4 24. e5 a3 25. Nd3 Rd2 26. Nb4 a2 27. Ra1 Rb2 28. Kg2 e6 29. h4 Bf8 30. Rc4 Rb1 31. Rxa2 Rxb4 0-1

[Event "RUS-Cup06"]
[Site "Tomsk"]
[Date "2001.07.01"]
[Round "2"]
[White "Erikalov, Alexei"]
[Black "Salinnikov, Denis Y"]
[Result "1/2-1/2"]
[WhiteElo "2475"]
[BlackElo "2343"]
[PlyCount "50"]
[EventDate "2001.06.30"]
[EventType "swiss"]
[EventRounds "9"]
[EventCountry "RUS"]
[SourceTitle "CBM 083 Extra"]
[Source "ChessBase"]
[SourceDate "2001.09.11"]
[SourceVersion "1"]
[SourceVersionDate "2001.09.11"]
[SourceQuality "1"]

1. d4 Nf6 2. Nf3 g6 3. Bf4 Bg7 4. e3 0-0 5. Be2 b6 6. h3 Bb7 7. 0-0 d6 8. a4 a5 9. Nbd2 Nbd7 10. Re1 Nh5 11. Bh2 e5 12. dxe5 Nxe5 13. Nxe5 dxe5 14. Bf3 Bxf3 15. Nxf3 e4 16. Ne5 Qe8 17. Qd5 Rd8 18. Qxe4 Qe6 19. g4 Rd5 20. Rad1 Nf6 21. Qf4 Rc5 22. c3 Nh5 23. gxh5 Bxe5 24. Qg4 Bxh2+ 25. Kxh2 Qe5+ 1/2-1/2

[Event "RUS-chT 08th final B"]
[Site "Tomsk"]
[Date "2001.05.21"]
[Round "3"]
[White "Erikalov, Alexei"]
[Black "Diu, Viacheslav"]
[Result "1/2-1/2"]
[WhiteElo "2475"]
[BlackElo "2445"]
[PlyCount "45"]
[EventDate "2001.05.19"]
[EventType "team-tourn"]
[EventRounds "3"]
[EventCountry "RUS"]
[SourceTitle "EXT 2020"]
[Source "ChessBase"]
[SourceDate "2019.10.17"]
[SourceVersion "1"]
[SourceVersionDate "2019.10.17"]
[SourceQuality "1"]
[WhiteTeam "Novosibirsk Transsib"]
[BlackTeam "Khabarovsk Lokomotiv"]
[WhiteTeamCountry "RUS"]
[BlackTeamCountry "RUS"]

1. d4 Nf6 2. Nf3 g6 3. Bf4 Bg7 4. e3 0-0 5. Be2 c5 6. c3 b6 7. h3 Bb7 8. 0-0 d5 9. Nbd2 Nc6 10. Ne5 Nd7 11. Nxc6 Bxc6 12. Nf3 Qc8 13. a4 Re8 14. b4 a5 15. b5 Bb7 16. Rc1 e5 17. Bh2 Qd8 18. Qc2 Rc8 19. Qa2 Qe7 20. dxe5 Nxe5 21. Nxe5 Bxe5 22. Bxe5 Qxe5 23. Bf3 1/2-1/2

[Event "RUS-chT 08th Group2"]
[Site "Tomsk"]
[Date "2001.05.13"]
[Round "1"]
[White "Ovetchkin, Roman"]
[Black "Erikalov, Alexei"]
[Result "0-1"]
[WhiteElo "2497"]
[BlackElo "2475"]
[PlyCount "113"]
[EventDate "2001.05.13"]
[EventType "team-tourn"]
[EventRounds "5"]
[EventCountry "RUS"]
[SourceTitle "EXT 2020"]
[Source "ChessBase"]
[SourceDate "2019.10.17"]
[SourceVersion "1"]
[SourceVersionDate "2019.10.17"]
[SourceQuality "1"]
[WhiteTeam "Nizhny Tagil Politekhnik"]
[BlackTeam "Novosibirsk Transsib"]
[WhiteTeamCountry "RUS"]
[BlackTeamCountry "RUS"]

1. c4 c6 2. Nf3 d5 3. d4 Nf6 4. Nc3 e6 5. g3 dxc4 6. Bg2 b5 7. Ne5 Nd5 8. 0-0 Bb7 9. a4 a6 10. e4 Nxc3 11. bxc3 Nd7 12. f4 Be7 13. Qg4 0-0 14. f5 Nf6 15. Qh3 exf5 16. Rxf5 Qe8 17. g4 c5 18. d5 Bc8 19. g5 Bd6 20. gxf6 Bxe5 21. fxg7 Bxg7 22. Bf4 Bxf5 23. exf5 Qe2 24. Rf1 Rae8 25. d6 Kh8 26. d7 Rd8 27. f6 Bxf6 28. Bc7 Qe7 29. Bxd8 Rxd8 30. Rd1 Qe5 31. axb5 axb5 32. Kh1 Qxc3 33. Qh5 Qc2 34. Rf1 Rg8 35. Qd5 Qb2 36. Be4 Be5 37. Bg2 Qd4 38. Qxf7 Qh4 39. Bh3 Qe4+ 40. Rf3 Qd4 41. Rf1 Qd2 42. Rf2 Qg5 43. Bg2 Bd4 44. Rc2 c3 45. h3 Qg6 46. Qd5 Rd8 47. Rc1 Qg7 48. Rf1 c2 49. Qe4 Qxd7 50. Qxc2 Qe6 51. Qb1 b4 52. Re1 Qg6 53. Qb3 Rf8 54. Qc4 Rg8 55. Bd5 Qf5 56. Bg2 Qf2 57. Qe2 0-1

[Event "RUS-ch54 sf Sibiria"]
[Site "Novosibirsk"]
[Date "2001.04.18"]
[Round "1"]
[White "Erikalov, Alexei"]
[Black "Kargin, Arseny"]
[Result "1-0"]
[WhiteElo "2475"]
[BlackElo "2284"]
[PlyCount "43"]
[EventDate "2001.04.19"]
[EventType "swiss"]
[EventRounds "9"]
[EventCountry "RUS"]
[SourceTitle "CBM 082 Extra"]
[Source "ChessBase"]
[SourceDate "2001.07.03"]
[SourceVersion "1"]
[SourceVersionDate "2001.07.03"]
[SourceQuality "1"]

1. d4 d5 2. c4 c6 3. Nc3 Nf6 4. e3 a6 5. f4 g6 6. Nf3 Bg7 7. Qb3 0-0 8. c5 Nbd7 9. Bd3 b6 10. cxb6 Rb8 11. Na4 Nxb6 12. Bd2 Nbd7 13. Qc2 Bb7 14. 0-0 Ne4 15. Bxe4 dxe4 16. Ne5 Bxe5 17. fxe5 a5 18. e6 Nf6 19. Nc5 Qd5 20. exf7+ Rxf7 21. Bxa5 Qg5 22. Qb3 1-0

[Event "RUS-ch54 sf Sibiria"]
[Site "Novosibirsk"]
[Date "2001.04.??"]
[Round "9"]
[White "Erikalov, Alexei"]
[Black "Yudin, Sergei"]
[Result "0-1"]
[WhiteElo "2475"]
[BlackElo "2217"]
[PlyCount "84"]
[EventDate "2001.04.19"]
[EventType "swiss"]
[EventRounds "9"]
[EventCountry "RUS"]
[SourceTitle "CBM 082 Extra"]
[Source "ChessBase"]
[SourceDate "2001.07.03"]
[SourceVersion "1"]
[SourceVersionDate "2001.07.03"]
[SourceQuality "1"]

1. Nf3 e6 2. c4 d5 3. g3 Nf6 4. Bg2 Be7 5. 0-0 0-0 6. b3 c5 7. cxd5 Nxd5 8. Bb2 Nc6 9. d4 b6 10. e4 Nc7 11. d5 exd5 12. exd5 Bf6 13. Bxf6 Qxf6 14. Nbd2 Nxd5 15. Ne4 Qd8 16. Nfg5 Nd4 17. Rc1 Bb7 18. b4 Nxb4 19. Nxh7 Kxh7 20. Qh5+ Kg8 21. Ng5 Ne2+ 22. Qxe2 Bxg2 23. Qh5 Qd3 24. Kxg2 f6 25. Nf3 Qd5 26. Qg4 Rad8 27. Rfd1 Nd3 28. Kg1 Rfe8 29. a4 Qe6 30. Qxe6+ Rxe6 31. Rc3 Red6 32. Rb1 Nb4 33. a5 Rd3 34. Rxd3 Rxd3 35. axb6 axb6 36. Nh4 Nd5 37. Nf5 c4 38. Kf1 c3 39. Ke2 Rd2+ 40. Kf3 c2 41. Rc1 Nb4 42. Ne3 Nd3 0-1

[Event "RUS-chT 07th"]
[Site "Smolensk"]
[Date "2000.04.20"]
[Round "6"]
[White "Erikalov, Alexei"]
[Black "Rodin, Dmitrij"]
[Result "1-0"]
[WhiteElo "2441"]
[BlackElo "2343"]
[PlyCount "129"]
[EventDate "2000.04.15"]
[EventType "team-tourn"]
[EventRounds "11"]
[EventCountry "RUS"]
[SourceTitle "EXT 2020"]
[Source "ChessBase"]
[SourceDate "2019.10.17"]
[SourceVersion "1"]
[SourceVersionDate "2019.10.17"]
[SourceQuality "1"]
[WhiteTeam "Novosibirsk Transsib"]
[BlackTeam "Voronezh OShK"]
[WhiteTeamCountry "RUS"]
[BlackTeamCountry "RUS"]

1. d4 Nf6 2. c4 e6 3. Nc3 Bb4 4. e3 c5 5. Nge2 b6 6. a3 Ba5 7. Bd2 Nc6 8. d5 Ne5 9. Ng3 0-0 10. Be2 exd5 11. cxd5 d6 12. 0-0 Re8 13. e4 Ng6 14. Qc2 a6 15. a4 Qe7 16. Rae1 Bd7 17. Nf5 Qf8 18. g4 b5 19. f3 b4 20. Nb1 Ne5 21. b3 Rec8 22. Ne3 c4 23. Nxc4 Nxc4 24. Bxc4 Bb5 25. Rc1 Nd7 26. Be3 Bxc4 27. bxc4 Bb6 28. Bxb6 Nxb6 29. Qb3 a5 30. Na3 Nd7 31. Nb5 Nc5 32. Qa2 Qe7 33. Rcd1 Rab8 34. Nd4 Qf6 35. Nc6 Ra8 36. Qf2 Nxa4 37. Ra1 Nc5 38. e5 Qh6 39. Ne7+ Kf8 40. Nxc8 Rxc8 41. exd6 Qxd6 42. Rxa5 Nd3 43. Qe3 Ne5 44. Rb5 Nxc4 45. Qd4 Qe5 46. Qxe5 Nxe5 47. Rxb4 Rd8 48. Rb5 Ke7 49. Kf2 g5 50. Ra1 Nc4 51. Ra7+ Kf6 52. Ra6+ Nd6 53. Rba5 Ke5 54. Ra8 Rxa8 55. Rxa8 f5 56. h3 h6 57. Rh8 fxg4 58. hxg4 Nf7 59. Rh7 Kf6 60. Ke3 Kg6 61. Rxf7 Kxf7 62. Kd4 Ke7 63. Ke5 Kd7 64. Kf6 Kd6 65. Kg6 1-0

[Event "RUS-chT 07th"]
[Site "Smolensk"]
[Date "2000.04.16"]
[Round "2"]
[White "Loskutov, Oleg"]
[Black "Erikalov, Alexei"]
[Result "0-1"]
[WhiteElo "2380"]
[BlackElo "2441"]
[PlyCount "41"]
[EventDate "2000.04.15"]
[EventType "team-tourn"]
[EventRounds "11"]
[EventCountry "RUS"]
[SourceTitle "CBM 077"]
[Source "ChessBase"]
[SourceDate "2000.07.27"]
[SourceVersion "1"]
[SourceVersionDate "2000.07.27"]
[SourceQuality "1"]
[WhiteTeam "Tomsk Politekhnik Yantar"]
[BlackTeam "Novosibirsk Transsib"]
[WhiteTeamCountry "RUS"]
[BlackTeamCountry "RUS"]

1. e4 c6 2. d4 d5 3. Nc3 dxe4 4. Nxe4 Nd7 5. Nf3 Ngf6 6. Ng3 e6 7. Bd3 c5 8. c3 Bd6 9. 0-0 Qc7 10. Qe2 0-0 11. Ne4 Be7 12. Bg5 Nd5 13. Bxe7 Nxe7 14. Neg5 Nf6 15. Qe5 Qd8 16. Nxh7 Nxh7 17. Bxh7+ Kxh7 18. Qh5+ Kg8 19. Ng5 Re8 20. Qh7+ Kf8 21. dxc5 0-1

[Event "RUS-chT 07th"]
[Site "Smolensk"]
[Date "2000.04.15"]
[Round "1"]
[White "Erikalov, Alexei"]
[Black "Ulko, Jaroslav"]
[Result "1/2-1/2"]
[WhiteElo "2441"]
[BlackElo "2459"]
[PlyCount "108"]
[EventDate "2000.04.15"]
[EventType "team-tourn"]
[EventRounds "11"]
[EventCountry "RUS"]
[SourceTitle "EXT 2020"]
[Source "ChessBase"]
[SourceDate "2019.10.17"]
[SourceVersion "1"]
[SourceVersionDate "2019.10.17"]
[SourceQuality "1"]
[WhiteTeam "Novosibirsk Transsib"]
[BlackTeam "Moscow Phoenix"]
[WhiteTeamCountry "RUS"]
[BlackTeamCountry "RUS"]

1. d4 Nf6 2. c4 g6 3. Nc3 Bg7 4. e4 d6 5. Nf3 0-0 6. Be2 e5 7. 0-0 Nc6 8. d5 Ne7 9. b4 a5 10. bxa5 c5 11. a4 Rxa5 12. Ne1 Ne8 13. Ra3 f5 14. f4 exf4 15. Bxf4 h6 16. Bd2 Ra6 17. Bd3 Nf6 18. Nf3 fxe4 19. Nxe4 Nf5 20. Nf2 Bd7 21. Qc2 Qe8 22. Re1 Qf7 23. Bc3 Re8 24. Rxe8+ Nxe8 25. a5 b6 26. Ne4 bxa5 27. Rxa5 Rxa5 28. Bxa5 Nd4 29. Nxd4 Bxd4+ 30. Kh1 Bf5 31. Qb1 Qe7 32. Bd2 Kg7 33. h3 Kh7 34. g4 Qh4 35. Qf1 Bxg4 36. Qf7+ Ng7 37. Nf6+ Qxf6 38. Qxf6 Bxf6 39. hxg4 Be5 40. Kg2 Ne8 41. Kf3 Kg7 42. Bc2 Nf6 43. g5 hxg5 44. Bxg5 Nh7 45. Kg4 Bf6 46. Bd2 Be7 47. Bc3+ Kh6 48. Ba4 Bf6 49. Bd2+ Bg5 50. Bc3 Bc1 51. Bc2 Ng5 52. Bf6 Nf7 53. Ba4 Kh7 54. Bd7 Nh6+ 1/2-1/2

[Event "RUS-ch sf"]
[Site "Novosibirsk"]
[Date "1999.??.??"]
[Round "1"]
[White "Roppel, Konstantin"]
[Black "Erikalov, Alexei"]
[Result "0-1"]
[WhiteElo "2331"]
[BlackElo "2438"]
[PlyCount "64"]
[EventDate "1999.??.??"]
[EventType "swiss"]
[EventRounds "9"]
[EventCountry "RUS"]
[SourceTitle "EXT 2000"]
[Source "ChessBase"]
[SourceDate "1999.11.16"]
[SourceVersion "1"]
[SourceVersionDate "1999.11.16"]
[SourceQuality "1"]

1. d4 Nf6 2. Bg5 d5 3. Nf3 e6 4. e3 c5 5. c3 Qb6 6. Qb3 Nc6 7. Nbd2 Bd6 8. Be2 Bd7 9. 0-0 0-0 10. Rad1 cxd4 11. exd4 Qc7 12. Bd3 Nh5 13. Bb1 h6 14. Bh4 Rac8 15. Bg3 Nf4 16. Rfe1 f5 17. Ne5 Bxe5 18. dxe5 Nh5 19. f4 g5 20. Nf3 Na5 21. Qb4 Nc4 22. fxg5 a5 23. Qb3 Nxg3 24. hxg3 hxg5 25. Nxg5 Nxe5 26. Rd4 Rf6 27. Qd1 Ng4 28. Nh7 Rg6 29. Rxg4 Qc5+ 30. Kh2 Rxg4 31. Kh1 Kg7 32. b4 Qf2 0-1

[Event "RUS-ch sf"]
[Site "Novosibirsk"]
[Date "1998.??.??"]
[Round "?"]
[White "Erikalov, Alexei"]
[Black "Ivanov, Timur"]
[Result "1/2-1/2"]
[WhiteElo "2390"]
[BlackElo "2380"]
[PlyCount "73"]
[EventDate "1998.??.??"]
[EventType "swiss"]
[EventRounds "9"]
[EventCountry "RUS"]
[SourceTitle "EXT 2000"]
[Source "ChessBase"]
[SourceDate "1999.11.16"]
[SourceVersion "1"]
[SourceVersionDate "1999.11.16"]
[SourceQuality "1"]

1. d4 d6 2. c4 e5 3. dxe5 dxe5 4. Qxd8+ Kxd8 5. Nc3 Be6 6. b3 Nd7 7. Bb2 c6 8. g3 f6 9. Bh3 Bxh3 10. Nxh3 Nh6 11. f3 Kc7 12. e3 Bc5 13. Kf2 Rhe8 14. Ne4 Be7 15. Ke2 Nc5 16. Nhf2 Nf7 17. g4 Nxe4 18. Nxe4 Bf8 19. h4 Rad8 20. Rad1 Rxd1 21. Rxd1 h6 22. Bc3 Be7 23. h5 Bf8 24. Ba5+ b6 25. Bc3 Nd8 26. c5 Nb7 27. cxb6+ axb6 28. a4 c5 29. Rc1 Kc6 30. Bd2 Nd6 31. Nxd6 Bxd6 32. e4 Ra8 33. Ra1 Be7 34. Bc3 Bd6 35. Kd3 Ra6 36. Kc4 Ra8 37. Rd1 1/2-1/2

[Event "RUS-ch sf"]
[Site "Novosibirsk"]
[Date "1998.??.??"]
[Round "?"]
[White "Erikalov, Alexei"]
[Black "Sutyrin, Denis"]
[Result "1-0"]
[WhiteElo "2390"]
[BlackElo "2180"]
[PlyCount "81"]
[EventDate "1998.??.??"]
[EventType "swiss"]
[EventRounds "9"]
[EventCountry "RUS"]
[SourceTitle "EXT 2000"]
[Source "ChessBase"]
[SourceDate "1999.11.16"]
[SourceVersion "1"]
[SourceVersionDate "1999.11.16"]
[SourceQuality "1"]

1. d4 d5 2. Nf3 Nf6 3. c4 c6 4. Nc3 e6 5. Bg5 dxc4 6. e4 b5 7. e5 h6 8. Bh4 g5 9. Nxg5 hxg5 10. Bxg5 Nbd7 11. exf6 Bb7 12. g3 c5 13. d5 Nb6 14. dxe6 Bxh1 15. e7 Qd7 16. Qxd7+ Nxd7 17. Nxb5 Bxe7 18. fxe7 f6 19. Bf4 Kxe7 20. Bd6+ Kf7 21. Bxc4+ Kg7 22. Nc7 Nb6 23. Ba6 Rag8 24. h4 c4 25. 0-0-0 Bf3 26. Re1 Rh5 27. Re7+ Kh8 28. Rf7 Rf5 29. Be7 Rg6 30. Ne6 Bd5 31. h5 Rh6 32. Rf8+ Kh7 33. Nf4 Bf3 34. Bd6 Ra5 35. Rf7+ Kg8 36. Rf8+ Kh7 37. Bb7 Bxb7 38. Rf7+ Kg8 39. Rxb7 Rxa2 40. Rb8+ Kh7 41. Bf8 1-0

[Event "RUS-ch sf"]
[Site "Novosibirsk"]
[Date "1998.??.??"]
[Round "?"]
[White "Iskusnyh, Sergei"]
[Black "Erikalov, Alexei"]
[Result "1-0"]
[WhiteElo "2455"]
[BlackElo "2390"]
[PlyCount "65"]
[EventDate "1998.??.??"]
[EventType "swiss"]
[EventRounds "9"]
[EventCountry "RUS"]
[SourceTitle "EXT 2000"]
[Source "ChessBase"]
[SourceDate "1999.11.16"]
[SourceVersion "1"]
[SourceVersionDate "1999.11.16"]
[SourceQuality "1"]

1. Nf3 Nf6 2. c4 e6 3. Nc3 d5 4. d4 c5 5. cxd5 Nxd5 6. e4 Nxc3 7. bxc3 cxd4 8. cxd4 Bb4+ 9. Bd2 Bxd2+ 10. Qxd2 0-0 11. Rd1 b6 12. h4 Bb7 13. Bd3 Nc6 14. Bb1 Qe7 15. 0-0 Rfd8 16. Rfe1 e5 17. d5 Na5 18. Bd3 Bc8 19. Rc1 Bg4 20. Nh2 Qxh4 21. Nxg4 Qxg4 22. Rc7 h5 23. Qc3 Qg5 24. Re3 h4 25. Ba6 f6 26. Bc8 Qh5 27. Be6+ Kh8 28. Rh3 g5 29. Qf3 Qxf3 30. Rxf3 Rf8 31. g3 Rab8 32. gxh4 Rb7 33. d6 1-0

[Event "URS-sf"]
[Site "Voronezh"]
[Date "1991.??.??"]
[Round "?"]
[White "Volkov, Sergey"]
[Black "Erikalov, Alexei"]
[Result "1-0"]
[WhiteElo "2270"]
[BlackElo "2275"]
[PlyCount "75"]
[EventDate "1991.??.??"]
[EventType "swiss"]
[EventRounds "12"]
[EventCountry "URS"]
[SourceTitle "CBM 022 Extra"]
[Source "ChessBase"]
[SourceDate "1991.07.01"]
[SourceVersion "1"]
[SourceVersionDate "1991.07.01"]
[SourceQuality "1"]

1. d4 d5 2. c4 c6 3. Nf3 Nf6 4. e3 g6 5. Nc3 Bg7 6. Bd3 0-0 7. 0-0 Bg4 8. h3 Bxf3 9. Qxf3 dxc4 10. Bxc4 Nbd7 11. Rd1 e5 12. d5 Qc7 13. e4 b5 14. dxc6 bxc4 15. cxd7 Nxd7 16. Nd5 Qb7 17. Qe2 Nc5 18. Qxc4 Rfc8 19. Bg5 Ne6 20. Ne7+ Kf8 21. Nxc8 Rxc8 22. Qb3 Qxb3 23. axb3 Nxg5 24. Rxa7 h5 25. h4 Nxe4 26. Rdd7 Rc1+ 27. Kh2 Bh6 28. Rxf7+ Kg8 29. Rae7 Rc2 30. f3 Nf2 31. Rb7 e4 32. Rf6 exf3 33. Rxg6+ Kf8 34. Rf6+ Ke8 35. Rxf3 Ng4+ 36. Kg3 Rxb2 37. Rb5 Bg7 38. Rb8+ 1-0

[Event "URS-chT Army"]
[Site "Simferopol"]
[Date "1990.??.??"]
[Round "?"]
[White "Erikalov, Alexei"]
[Black "Vidonyak, Roman"]
[Result "1-0"]
[WhiteElo "2275"]
[BlackElo "2280"]
[PlyCount "59"]
[EventDate "1990.??.??"]
[EventType "team-swiss"]
[EventRounds "9"]
[EventCountry "URS"]
[SourceTitle "EXT 1997"]
[Source "ChessBase"]
[SourceDate "1996.11.15"]
[SourceVersion "1"]
[SourceVersionDate "1996.11.15"]
[SourceQuality "1"]

1. d4 d5 2. Nf3 Nf6 3. c4 c6 4. Nc3 e6 5. e3 Nbd7 6. Qc2 Bd6 7. b3 0-0 8. Be2 b6 9. Bb2 Bb7 10. 0-0 c5 11. Nb5 Bb8 12. Ne5 a6 13. Na3 Qe7 14. Rad1 Bd6 15. Nb1 Rac8 16. Nd2 Rfd8 17. Qb1 Nf8 18. cxd5 exd5 19. Bd3 Ng6 20. f4 b5 21. Bf5 Rc7 22. Ndf3 Ne4 23. Qa1 Nf8 24. dxc5 Bxc5 25. Nd4 f6 26. Bxe4 dxe4 27. Nf5 Qe6 28. Rxd8 Qxf5 29. Bd4 Be7 30. g4 1-0